Mieleva Hidalgo Don Quijote Manchalainen (Record no. 7315)

MARC details
000 -CABECERA
campo de control de longitud fija 01072nam a2200277 a 4500
001 - NÚMERO DE CONTROL
campo de control BRCA_7641
005 - FECHA Y HORA DE LA ÚLTIMA TRANSACCIÓN
campo de control 20190320205926.0
008 - DATOS DE LONGITUD FIJA--INFORMACIÓN GENERAL
campo de control de longitud fija 071108m19271928fi-#######---#000-0#fin-u
041 ## - CÓDIGO DE LENGUA
Código de lengua del texto/banda sonora o título independiente fin
044 ## - CÓDIGO DEL PAÍS DE LA ENTIDAD EDITORA/PRODUCTORA
Código MARC del país fi
084 ## - OTRO NÚMERO DE CLASIFICACIÓN
Número de clasificación PQ6323
Número de documento/Ítem .C47 fin 1927
100 1# - ENTRADA PRINCIPAL--NOMBRE DE PERSONA
Nombre de persona Cervantes Saavedra, Miguel de
Fechas asociadas al nombre 1547-1616
9 (RLIN) 213
245 10 - MENCIÓN DE TÍTULO
Título Mieleva Hidalgo Don Quijote Manchalainen
Mención de responsabilidad, etc. kirjoittanut Miguel de Cervantes Saavedra ; espanjankielestä suomentanut J. Hollo.
260 ## - PUBLICACIÓN, DISTRIBUCIÓN, ETC.
Lugar de publicación, distribución, etc. Porvoo, Finlandia
Nombre del editor, distribuidor, etc. Werner Söderström Osakeyhtiö
Fecha de publicación, distribución, etc. 1927-1928
300 ## - DESCRIPCIÓN FÍSICA
Extensión 4 v.
Dimensiones 23 cm.
500 ## - NOTA GENERAL
Nota general Libros donados por el Sr. Kimmo Pulkkinen, Embajador de Finlandia, 9/V/1997
546 ## - NOTA DE LENGUA/LENGUAJE
Nota de lengua/lenguaje Texto en : finlandés
650 14 - PUNTO DE ACCESO ADICIONAL DE MATERIA--TÉRMINO DE MATERIA
Término de materia o nombre geográfico como elemento de entrada Novela española
Subdivisión cronológica Época clásica, 1500-1700
9 (RLIN) 215
650 14 - PUNTO DE ACCESO ADICIONAL DE MATERIA--TÉRMINO DE MATERIA
Término de materia o nombre geográfico como elemento de entrada Literatura española
Subdivisión cronológica Época clásica, 1500-1700
9 (RLIN) 216
650 14 - PUNTO DE ACCESO ADICIONAL DE MATERIA--TÉRMINO DE MATERIA
Término de materia o nombre geográfico como elemento de entrada Novela española
Subdivisión cronológica Siglo XVII
9 (RLIN) 217
650 14 - PUNTO DE ACCESO ADICIONAL DE MATERIA--TÉRMINO DE MATERIA
Término de materia o nombre geográfico como elemento de entrada Don Quijote (Personaje ficticio)
Término indicativo de función/relación Novela
9 (RLIN) 218
700 1# - PUNTO DE ACCESO ADICIONAL--NOMBRE DE PERSONA
Nombre de persona Hollo, J.
Término indicativo de función/relación Traductor
9 (RLIN) 18848
740 0# - PUNTO DE ACCESO ADICIONAL--TÍTULO RELACIONADO O ANALÍTICO NO CONTROLADO
Título relacionado o analítico no controlado El Ingenioso Hidalgo Don Quijote de la Mancha
902 ## - CATALOGADOR
Iniciales QAG
942 ## - ELEMENTOS DE PUNTO DE ACCESO ADICIONAL (KOHA)
Fuente del sistema de clasificación o colocación Library of Congress Classification
Tipo de ítem Koha Libros
Holdings
Estado de retiro Estado de pérdida Estado dañado No para préstamo Localización permanente Ubicación/localización actual Fecha de adquisición Total de préstamos Signatura topográfica completa Código de barras Fecha visto por última vez Precio válido a partir de Tipo de ítem Koha Código de colección
El ejemplar forma parte de la colección y puede ser consultado según las políticas vigentes.       Biblioteca del Museo Franz Mayer (Rogerio Casas-Alatriste) Biblioteca del Museo Franz Mayer (Rogerio Casas-Alatriste) 12/07/2013   PQ6323 .C47 fin 1927 QAG00026 22/03/2019 22/03/2019 Libros  
El ejemplar forma parte de la colección y puede ser consultado según las políticas vigentes.       Biblioteca del Museo Franz Mayer (Rogerio Casas-Alatriste) Biblioteca del Museo Franz Mayer (Rogerio Casas-Alatriste) 24/06/2015   PQ6323 .C47 fin 1927 QAG00027 22/03/2019 22/03/2019 Libros Quijotes Acervo General
El ejemplar forma parte de la colección y puede ser consultado según las políticas vigentes.       Biblioteca del Museo Franz Mayer (Rogerio Casas-Alatriste) Biblioteca del Museo Franz Mayer (Rogerio Casas-Alatriste) 24/06/2015   PQ6323 .C47 fin 1927 QAG00028 22/03/2019 22/03/2019 Libros Quijotes Acervo General
El ejemplar forma parte de la colección y puede ser consultado según las políticas vigentes.       Biblioteca del Museo Franz Mayer (Rogerio Casas-Alatriste) Biblioteca del Museo Franz Mayer (Rogerio Casas-Alatriste) 13/10/2015   PQ6323 .C47 fin 1927 QAG00029 22/03/2019 22/03/2019 Libros Quijotes Acervo General